| 000 | 00708nam a2200229 i 4500 | ||
|---|---|---|---|
| 001 | bg | ||
| 100 | 1 | _aRycielska, Beata. | |
| 245 | 1 | 0 |
_aObrazowanie w języku : _bLancetnik bez głowy i celownik rosyjski / _cBeata Rycielska, Marzena Rycielska ; Akademia Pomorska w Słupsku. |
| 260 |
_aSłupsk : _bWydawnictwo Naukowe Akademii Pomorskiej, _c2008. |
||
| 300 |
_a98 s. ; _c21 cm. |
||
| 504 | _aBibliogr. s. 91-96. | ||
| 650 | 9 |
_aJęzyk rosyjski _xgramatyka |
|
| 700 | 1 | _aRycielska, Marzena. | |
| 020 | _a9788374670739 | ||
| 040 | _cBPK | ||
| 041 | 0 |
_apol _beng |
|
| 044 | _aPOL | ||
| 080 | _a811.161.1'36 | ||
| 920 | _a978-83-7467-073-9 | ||
| 942 | _cKS | ||
| 008 | 090625s2008 pl f |001 0 pol c | ||
| 999 |
_c56340 _d56340 |
||